| 000 | 00355nam a2200133Ia 4500 | ||
|---|---|---|---|
| 005 | 20240429055442.0 | ||
| 008 | 240331s9999 xx 000 0 und d | ||
| 082 |
_bFAC _a331.4 |
||
| 245 | 0 |
_aFacing odds : _bwomen in the labour market _cCentre for women's research |
|
| 260 |
_aSri lanka _bCenwor _c1995 |
||
| 300 | _a183, p ., | ||
| 650 | _awoman | ||
| 942 | _cL | ||
| 999 |
_c2606 _d2606 |
||